| 000 | 00585nam a2200181 i 4500 | ||
|---|---|---|---|
| 001 | 34667 | ||
| 003 | ES-MaACL | ||
| 005 | 20230906154957.0 | ||
| 007 | t| | ||
| 008 | 030207s1969 sp ||||1| spa d | ||
| 100 | 1 |
_aBoisdeffre, Pierre de. _929859 |
|
| 245 | 1 | 0 |
_aMetamorfosis de la literatura / _cPierre de Boisdeffre ; [traduccido por Luis Núñez y Luis Alberto Martín Baro]. |
| 260 |
_aMadrid : _bGuadarrama, _c[1969] |
||
| 300 |
_a3 v. ; _c18 cm. |
||
| 700 | 1 |
_aNúñez, Luis. _986161 |
|
| 700 | 1 |
_aMartín Baro, Luis Alberto. _977410 |
|
| 852 |
_aES-MaACL _jC-40581-83 _bR.71113 |
||
| 999 |
_c34667 _d34667 |
||